• 首页
  • 本馆介绍
  • 公告通知
  • 最新文献
  • 馆藏检索
  • 电子资源
  • 读者导购
  • 参考咨询
  • 我的图书馆
  • 登录
  • 详细信息显示
  • 放入我的书架
  • 预约/预借图书
  • 作者相关作品
  • 分类相关作品
  • 丛书相关作品
  • 出版社相关作品

书目信息

  • 表格格式
  • 工作单格式
  • 卡片格式
题名:
水波动力学
    
 
作者: 梅强中 , 戴世强 , 周显初 著
分册:  
出版信息: 北京   科学出版社  1984
页数: 388页
开本: 21cm
丛书名: 流体力学与应用数学讲座
单 册:
中图分类: O353.2
科图分类:
主题词: 水波-波动力学 , 波动力学-水波
电子资源:
ISBN:
000 00859nam2 2200301 45
001 0184002777
005 20040914105731.2
010    @dCNY2.30
091    @a13031.2630
100    @a19950324d1984 em y0chiy0121 ea
101 0  @achi
102    @aCN@b110000
105    @ay z 000yy
106    @ar
200 10 @a水波动力学@Ashui bo dong li xue@f梅强中@FMei Qiang Zhong@g戴世强,周显初整理
210    @a北京@c科学出版社@d1984
215    @a388页@d21cm
225 2  @a流体力学与应用数学讲座@v2
410  0 @120010@a流体力学与应用数学讲座
606    @a水波-波动力学
606    @a波动力学-水波
690    @aO353.2@v3
701  0 @a梅强中@Amei qiang zhong@c美@4著
701  0 @a戴世强@Adai shi qiang@4整理
701  0 @a周显初@Azhou xian chu@4整理
801  0 @aCN@b上海图书馆@c20040914
801  2 @aCN@bNLC@c20040914
905    @f1@b120319@dO353.2@e14
    
    水波动力学/梅强中/戴世强,周显初整理.-北京:科学出版社,1984
    388页;21cm.-(流体力学与应用数学讲座;2)
    
    
    ISBN :CNY2.30
    
●
相关链接 在E读中查询图书 在五车中查询图书 在当当中查询图书 在豆瓣中查询图书


正题名:水波动力学     索取号:O353.2/14         预约/预借

序号 登录号 条形码 馆藏地/架位号 状态 备注
1 0120319   001931039   第三借阅区/ [索取号:O353.2/14] 在馆    
2 0120320   000386148   第二样本阅览室/ [索取号:O353.2/14] 在馆    
唐山师范学院图书馆 欢迎您!
大连网信软件有限公司© 版权所有